Choisi la Bonne date - Statistiques

Statistiques générales
  • Ce quiz a été pris 72 fois
  • Le résultat moyen est 8 sur 15
Statistiques - réponses
Question Réponse % Correct
La Découverte de l'Amérique 1492
100%
L'élection d'Hitler 1933
95%
La Prise de Constantinople 1453
77%
L'abolition définitive de l'esclavage en France 1848
77%
Bataille d'Alesia -52
64%
Terreur 1793
59%
Indépendance de l'Algérie 1962
59%
Grande dépression 1929
50%
La mort de Napoléon 1821
45%
Mort d'Albert Einstein 1955
41%
Lêgalisation de l'IVG en France 1975
36%
Chute de l'Empire Romain d'orient 1453
32%
L'assasinat d'Henri IV par Ravaillac 1610
27%
La fin de la reconquista 1492
18%
Mort de Jeanne d'Arc 1431
9%
Aucun quiz correspondant
Distribution des résultats
% des personnes avec chaque résultat
Percentile par nombre de réponses
Votre historique - résultats
Vous n’avez pas pris ce quiz